000 03932nab a2200349 i 4500
003 BR-BrBNA
005 20240924131909.0
008 240924b2018 bl.|r|pooa||| 00| 0 eng |
040 _aBR-BrBNA
_beng
072 _aL73
_b5400
072 _aL70
100 _aMadruga, G.M.
100 _aRibeiro, A.P.
100 _aMagalhães, T.B.S.
100 _aRondelli, L.A.S.
100 _aFurlan, F.H.
245 _aEffect of 0.15% sodium hialuronate and 0.5% carboxymethylcellulose on tear film breakup time in healthy dogs and in dogs with keratoconjunctivitis sicca
500 _a Publicação online; 22 ref.; 5 illus.; Summaries (En, Pt)
520 _a ABSTRACT - This study aimed to evaluate the effect of the 0.15% sodium hyaluronate (SH) and of 0.5% carboxymethylcellulose (CMC) on tear film breakup time (TFBUT) in 10 healthy dogs and in 32 eyes of dogs with keratoconjunctivis sicca (KCS). In addition, the goblet cell density (GCD) of this population was quantified. TFBUT was assessed at baseline and at different time points following the instillation of SH and CMC. KCS was graded as mild, moderate, and severe. GCD were quantified from conjunctival biopsies. The number of GCD differed significantly between patients with mild and moderate KCS (P<0.01). TFBUT of healthy dogs increased only for 1 minute after treatment with SH (P<0.01). Regarding baseline and treatments, SH significantly increased TFBUT for up to 30 minutes on the ocular surface, in comparison to CMC, in all categories of KCS (P<0.01). TFBUT and GCD correlated positively when the healthy and diseased eyes were grouped (r=0.41, P=0.006). It can be concluded that in dogs with KCS, SH lasts longer periods on the ocular surface than CMC, but such agents does not increase TFBUT in healthy dogs. Additionally, tear film stability tends to reduce in a linear fashion from the mild to severe form of KCS. Keywords: goblet cells, tear stability, lacrimomimetics, instillations
520 _a RESUMO - Objetivou-se avaliar os efeitos do hialuronato de sódio a 0,15% (HS) e da carboximetilcelulose a 0,5% (CMC) no teste de ruptura do filme lacrimal (TRFL) em 10 cães saudáveis e em 32 olhos de cães com ceratoconjuntivite seca (CCS). Ademais, quantificou-se a densidade de células caliciformes (DCC) deles. Mensurou-se o TRFL em momentos distintos antes e após a instilação do HS e da CMC. Graduou-se a CCS em leve, moderada e severa. Quantificou-se a DCC a partir de biópsias conjuntivais. A DCC diferiu apenas entre pacientes com CCS leve e severa (P<0,01). Em cães saudáveis, o TRFL se elevou apenas após um minuto do tratamento com HS (P<0,01). Relativamente ao período basal e entre os tratamentos, o HS elevou o TRFL de forma mais eficaz e permaneceu por até 30 minutos na superfície ocular, comparativamente à CMC, em todas as categorias de CCS (P<0,01). Ao se agruparem os olhos saudáveis e os com CCS, o TRFL se correlacionou com a DCC (r=0.41, P=0.006). Conclui-se que o HS permanece por maior tempo na superfície ocular que a CMC em cães com CCS, mas que tais substâncias não elevam o TRFL em cães saudáveis. Ademais, a estabilidade do filme lacrimal tende a se reduzir de modo linear da forma leve até à severa da CCS. Palavras-chave: células caliciformes, estabilidade lacrimal, lacrimomiméticos, instilações
650 _aCÃO
650 _aDOENÇA ANIMAL
650 _aOLHO
650 _aINFLAMAÇÃO
650 _aCONJUNTIVITE
650 _aCERATITE
650 _aMEDICAMENTO
773 0 _01643
_9344677
_dBelo Horizonte-MG Universidade Federal de Minas Gerais - Escola de Veterinaria 1983
_o2024-5011
_tArquivo Brasileiro de Medicina Veterinária e Zootecnia (Brazil)
_x0102-0935
_gv. 70(5) p. 1388-1396; (2018)
_wBR2024002697
856 _uhttps://www.scielo.br/j/abmvz/a/Mfpd7yPvMffPTpx3QGxMJ5F/?format=pdf&lang=en
942 _cANA
999 _c327786
_d327786